Les confidents de persona 5 royal - Statistiques

Statistiques générales
  • Ce quiz a été pris 81 fois
  • Le résultat moyen est 18 sur 23
Statistiques - réponses
Hint Réponse % Correct
L'amoureux Ann Takamaki
100%
Le Chariot Ryuji Sakamoto
100%
Le Bateleur Morgana
98%
La Papesse Makoto Niijima
96%
L'Empereur Yusuke Kitagawa
95%
La Justice Goro Akechi
93%
L'Hermite Futaba Sakura
89%
L'Impératrice Haru Okumura
89%
Le Mat Igor
89%
Le Jugement Sae Niijima
82%
Le Pape Sojiro Sakura
82%
La Foi Kasumi Yoshizawa
77%
Le Consultant Takuto Maruki
77%
La Mort Tae Takemi
75%
Le Diable Ichiko Ohya
73%
La Force Caroline et Justine
71%
L'Étoile Hifumi Togo
70%
La Lune Yuuki Mishima
70%
Temperance Sadayo Kawakami
68%
Le Pendu Munehisa Iwai
57%
La roue de la Fortune Chihaya Mifune
52%
La Maison Dieu Shinya Oda
43%
Le Soleil Toranosuke Yoshida
41%
Aucun quiz correspondant
Distribution des résultats
% des personnes avec chaque résultat
Percentile par nombre de réponses
Votre historique - résultats
Vous n’avez pas pris ce quiz